Κατάλογος Βιβλιοθηκών Mediterranean College

Η Λαική Επιγραφή στην Ελλάδα / Δεύτερη Έκδοση (Record no. 4269)

MARC details
000 -LEADER
fixed length control field 01125cam a22002294a 4500
005 - ΗΜΕΡΟΜΗΝΙΑ ΚΑΙ ΩΡΑ ΤΕΛΕΥΤΑΙΑΣ ΕΝΗΜΕΡΩΣΗΣ
Πεδίο ελέγχου 20250605164141.0
008 - FIXED-LENGTH DATA ELEMENTS--GENERAL INFORMATION
Πεδίο ελέγχου σταθερού μήκους 250528s ||||||||||||||||||||||||d
035 ## - SYSTEM CONTROL NUMBER
System control number 18976
040 ## - ΠΗΓΗ ΚΑΤΑΛΟΓΟΓΡΑΦΗΣΗΣ
Φορέας πρωτότυπης καταλογογράφησης MC Athens Campus Library
Γλώσσα καταλογογράφησης Ελληνικά, Μοντέρνα (1453-)
Modifying agency MC Athens Campus Library
Κανόνες περιγραφικής καταλογογράφησης AACR2
245 1# - ΤΙΤΛΟΣ ΚΑΙ ΔΗΛΩΣΗ ΥΠΕΥΘΥΝΟΤΗΤΑΣ
Τίτλος Η Λαική Επιγραφή στην Ελλάδα / Δεύτερη Έκδοση
250 ## - EDITION STATEMENT
Edition statement
260 ## - PUBLICATION, DISTRIBUTION, ETC.
Name of publisher, distributor, etc. Παπαστράτος Αβες,
Date of publication, distribution, etc. 1980
300 ## - PHYSICAL DESCRIPTION
Extent 402
505 0# - FORMATTED CONTENTS NOTE
Formatted contents note Εισαγωγή, Χρονικό, Πώς Δουλεύαμε στο Δρόμο, Σύλλογοι - Σύνδεσμοι, Το Στοιχείο - Γράμμα, Βασικέ Χαράξεισ Επιγραφών, Βιογραφικά.
520 ## - SUMMARY, ETC.
Summary, etc. Εισαγωγή, Χρονικό, Πώς Δουλεύαμε στο Δρόμο, Σύλλογοι - Σύνδεσμοι, Το Στοιχείο - Γράμμα, Βασικέ Χαράξεισ Επιγραφών, Βιογραφικά.
700 1# - ΠΡΟΣΘΕΤΗ ΑΝΑΓΡΑΦΗ--ΦΥΣΙΚΟ ΠΡΟΣΩΠΟ
Personal name Βακιρτζης Γιωργος
9 (RLIN) 5256
700 1# - ΠΡΟΣΘΕΤΗ ΑΝΑΓΡΑΦΗ--ΦΥΣΙΚΟ ΠΡΟΣΩΠΟ
Personal name Γραββαλος Παναγιωτης
9 (RLIN) 5257
700 1# - ΠΡΟΣΘΕΤΗ ΑΝΑΓΡΑΦΗ--ΦΥΣΙΚΟ ΠΡΟΣΩΠΟ
Personal name Τζιμουλης Κωστας
9 (RLIN) 5258
942 ## - ADDED ENTRY ELEMENTS (KOHA)
Koha item type Books
Holdings
Τύπος τεκμηρίου Βιβλιοθήκη Τρέχουσα τοποθεσία Barcode Αριθμός εισαγωγής Ημερομηνία απόκτησης Ταξιθετικό σύμβολο Αριθμός αντιτύπου Κατάσταση απόσυρσης Κατάσταση χαμένου Κατάσταση κατεστραμμένου Μη δανεισμός Σύνολο δανεισμών Ημερομηνία τελευταίας εμφάνισης Η τιμή ισχύει από
Books MC Athens Campus Library MC Athens Campus Library 9780000042682 3908 05/06/2025 745.495 BAK 1           05/06/2025 05/06/2025

MC Athens Campus Library
Πατησίων 94 & Κοδριγκτώνος 13, 104 34
Πελλήνης 8 & Πατησίων 107, 112 51
Τ: +30 210 8899600

MC Thessaloniki Campus Library
Ίωνος Δραγούμη 21, 54625 | Ίωνος Δραγούμη 15, 54625
Τ: +30 2310 287779 – Τ: +30 2314 440300